|
|
|
|
| LEADER |
01130nam a22002657a 4500 |
| 001 |
AAL9704 |
| 003 |
BD-DhAAL |
| 005 |
20180714195837.0 |
| 008 |
180714s 2009B ||||| |||| 00| 0 en d |
| 999 |
|
|
|c 39758
|d 39758
|
| 020 |
|
|
|a 9847000612526
|
| 040 |
|
|
|a BD-DhAAL
|c BD-DhAAL
|
| 082 |
|
|
|a 335
|
| 100 |
|
|
|a মার্কস, কার্ল
|9 27225
|
| 245 |
|
|
|a জর্মান ভাবাদর্শ /
|c কার্ল মার্কস এবং ফ্রিডরিখ এঙ্গেল অনুবাদ গৌতম দাস
|
| 260 |
|
|
|a ঢাকা :
|b আগামী প্রকাশনী,
|c ২০০৯
|
| 300 |
|
|
|a ২৩৫ পৃ. ;
|c ২২ সে.মি.
|
| 541 |
|
|
|e 9704
|
| 650 |
|
|
|a Socialism.
|9 27226
|
| 650 |
|
|
|a Communism.
|9 27227
|
| 700 |
|
|
|a এঙ্গেল, ফ্রিডরিখ
|9 27228
|
| 700 |
|
|
|a দাস, গৌতম
|9 27229
|
| 852 |
|
|
|a Savar Campus Library
|c General Shelf
|
| 942 |
|
|
|2 ddc
|c BK
|
| 952 |
|
|
|0 0
|1 0
|2 ddc
|4 0
|6 335_000000000000000_MAR
|7 0
|9 63786
|a SCL
|b SCL
|c GEN
|d 2018-07-14
|e Development Book Agency
|g 270.00
|l 0
|o 335 MAR
|p 3020009704
|r 2026-05-07
|t 1
|w 2018-07-14
|y BK
|